| 000 | 00585nam a22002057a 4500 | ||
|---|---|---|---|
| 003 | Ost | ||
| 005 | 20260313034937.0 | ||
| 008 | 260313b |||||||| |||| 00| 0 eng d | ||
| 020 | _a9783319819327 | ||
| 040 | _cBT-PhCST | ||
| 050 | _a25752 | ||
| 082 |
_222 _a670 _bFAS |
||
| 100 | _aFassi, Irene. | ||
| 245 |
_aMicro-manufacturing technologies and their applications : _ba theoretical and practical guide / |
||
| 260 |
_aSwitzerland : _bSpringer, _cc2017 |
||
| 300 |
_axii, 296 p. : _bill. ; _c23 cm. |
||
| 500 | _aIncludes index. | ||
| 700 | _aShipley, David. | ||
| 942 |
_2ddc _cMEC |
||
| 999 |
_c10195 _d10195 |
||